Les américains à Roland-Garros (2010-....) - Statistiques

Statistiques générales
  • Ce quiz a été pris 45 fois
  • Le résultat moyen est 7 sur 41
Statistiques - réponses
Nb de participations Tennisman Meilleur tour Dernier(s) adversaire(s) à ce tour % Correct
12 John Isner Huitième de finale Berdych/Murray/del Potro
90%
6 Taylor Fritz Troisième tour Lorenzo Sonego
63%
7 Frances Tiafoe Deuxième tour David Goffin
59%
2 Andy Roddick Troisième tour Teymuraz Gabashvili
54%
4 Reilly Opelka Troisième tour Daniil Medvedev
46%
7 Jack Sock Huitième de finale Rafael Nadal
37%
10 Steve Johnson Troisième tour Wawrinka/Thiem/Cilic/Carreno Busta
37%
4 Tommy Paul Deuxième tour Casper Ruud/Daniil Medvedev
37%
3 Sebastian Korda Huitième de finale Rafael Nadal
34%
11 Sam Querrey Troisième tour Gilles Simon
29%
1 Brandon Nakashima Troisième tour Alexander Zverev
27%
2 James Blake Premier tour Mikhail Youzhny/Viktor Troicki
27%
2 Mardy Fish Troisième tour Gilles Simon
27%
4 Mackenzie McDonald Troisième tour Jannik Sinner
22%
1 Maxime Cressy Premier tour Nikoloz Basilashvili
20%
5 Tennys Sandgren Deuxième tour Daniel Elahi Galan
17%
2 Jenson Brooksby Premier tour Aslan Karatsev/Pablo Cuevas
15%
3 Marcos Giron Troisième tour Cristian Garin
15%
1 Rhyne Williams Premier tour Michal Przysiezny
12%
2 Michael Mmoh Premier tour Pierre-Hugues Herbert/Bernabé Zapata Miralles
10%
5 Denis Kudla Premier tour Hajek/Lajovic/Dzuhmur/Kecmanovic/Kubler
7%
4 Bjorn Fratangelo Deuxième tour Richard Gasquet
5%
1 Ernesto Escobedo Premier tour Denis Istomin
5%
2 Rajeev Ram Premier tour Yuri Schukin/Jiri Vesely
5%
5 Ryan Harrison Deuxième tour John Isner
5%
2 Brian Baker Deuxième tour Gilles Simon
2%
2 Jared Donaldson Deuxième tour Grigor Dimitrov
2%
4 Michael Russell Premier tour Serra/Simon/Klizan/Gonzalez
2%
2 Robby Ginepri Huitième de finale Novak Djokovic
2%
2 Alex Bogomolov Premier tour Marcel Granollers/Arnaud Clément
0%
1 Alex Kuznetsov Premier tour Lucas Pouille
0%
2 Bradley Klahn Premier tour Axel Michon/Alex De Minaur
0%
5 Donald Young Troisième tour Guillermo Garcia-Lopez
0%
2 Jesse Levine Deuxième tour Milos Raonic
0%
1 Jesse Witten Premier tour Marcos Baghdatis
0%
1 Michael Yani Premier tour Lukas Lacko
0%
1 Naoh Rubin Premier tour John Isner
0%
1 Robert Kendrick Premier tour Guillermo Garcia-Lopez
0%
2 Ryan Sweeting Premier tour Juan Ignacio Chela/Andreas Haider-Maurer
0%
1 Taylor Dent Deuxième tour Robin Söderling
0%
2 Tim Smyczek Premier tour Juan Ignacio Chela/Kevin Anderson
0%
Aucun quiz correspondant
Distribution des résultats
% des personnes avec chaque résultat
Percentile par nombre de réponses
Votre historique - résultats
Vous n’avez pas pris ce quiz